<?xml version="1.0" encoding="UTF-8"?><?xml-stylesheet type="text/xsl" href="static/style.xsl"?><OAI-PMH xmlns="http://www.openarchives.org/OAI/2.0/" xmlns:xsi="http://www.w3.org/2001/XMLSchema-instance" xsi:schemaLocation="http://www.openarchives.org/OAI/2.0/ http://www.openarchives.org/OAI/2.0/OAI-PMH.xsd"><responseDate>2026-06-01T12:19:23Z</responseDate><request verb="GetRecord" identifier="oai:riuma.uma.es:10630/34562" metadataPrefix="marc">https://riuma.uma.es/rest/oai/request</request><GetRecord><record><header><identifier>oai:riuma.uma.es:10630/34562</identifier><datestamp>2026-02-03T12:19:16Z</datestamp><setSpec>com_10630_2254</setSpec><setSpec>col_10630_37959</setSpec></header><metadata><record xmlns="http://www.loc.gov/MARC21/slim" xmlns:dcterms="http://purl.org/dc/terms/" xmlns:doc="http://www.lyncode.com/xoai" xmlns:xsi="http://www.w3.org/2001/XMLSchema-instance" xsi:schemaLocation="http://www.loc.gov/MARC21/slim http://www.loc.gov/standards/marcxml/schema/MARC21slim.xsd">
   <leader>00925njm 22002777a 4500</leader>
   <datafield ind2=" " ind1=" " tag="042">
      <subfield code="a">dc</subfield>
   </datafield>
   <datafield ind2=" " ind1=" " tag="720">
      <subfield code="a">Pascual-Mellado, Alejandro</subfield>
      <subfield code="e">author</subfield>
   </datafield>
   <datafield ind2=" " ind1=" " tag="720">
      <subfield code="a">Gallego Donoso, Fernando</subfield>
      <subfield code="e">author</subfield>
   </datafield>
   <datafield ind2=" " ind1=" " tag="720">
      <subfield code="a">Ribelles, Nuria</subfield>
      <subfield code="e">author</subfield>
   </datafield>
   <datafield ind2=" " ind1=" " tag="720">
      <subfield code="a">Jerez-Aragonés, José Manuel</subfield>
      <subfield code="e">author</subfield>
   </datafield>
   <datafield ind2=" " ind1=" " tag="720">
      <subfield code="a">Moreno Barea, Francisco Javier</subfield>
      <subfield code="e">author</subfield>
   </datafield>
   <datafield ind2=" " ind1=" " tag="260">
      <subfield code="c">2024-06-19</subfield>
   </datafield>
   <datafield ind2=" " ind1=" " tag="520">
      <subfield code="a">La mayoría de la información clínica almacenada en los sistemas sanitarios españoles se encuentra como texto no estructurado en las historias clínicas electrónicas. La extracción automática de información valiosa contenida en estos documentos es una tarea crítica. Como información valiosa para las unidades de análisis clínicos de oncología, se encuentra la localización de la neoplasia que presenta un paciente. Esta localización, incluida en la categoría de la codificación CIE-10-ES, puede ser extraída de los textos mediante el procesamiento del lenguaje natural. Para ello, en este estudio hemos desarrollado metodologías basadas en el estado del arte del procesamiento del lenguaje natural, los modelos Transformers. Los resultados obtenidos muestran que la aplicación de estos modelos es de gran ayuda en esta tarea. En particular, el modelo RoBERTa-Base-Biomed obtuvo el mejor rendimiento, con un valor de 0.946 en porcentaje de aciertos, 0.920 en precisión, 0.898 en sensibilidad y 0.908 en F1-score, mostrando un gran rendimiento para la mayoría de las clases.</subfield>
   </datafield>
   <datafield ind1="8" ind2=" " tag="024">
      <subfield code="a">A. Pascual-Mellado, F. Gallego, N. Ribelles, J. M. Jerez, F. J. Moreno-Barea. Clasificación de Historias Clínicas Reales según CIE-10-ES para Localización de Neoplasias mediante Modelos Transformers. XX Conferencia de la Asociación Española para la Inteligencia Artificial (CAEPIA 2024). Organizado por la Asociación Española para la Inteligencia Artificial (AEPIA). A Coruña, España. Del 19 al 21 de junio de 2024. ISBN: 978-84-09-62724-0. Páginas: 680-685.</subfield>
   </datafield>
   <datafield ind1="8" ind2=" " tag="024">
      <subfield code="a">https://hdl.handle.net/10630/34562</subfield>
   </datafield>
   <datafield tag="653" ind2=" " ind1=" ">
      <subfield code="a">Medicina - Proceso de datos</subfield>
   </datafield>
   <datafield ind2="0" ind1="0" tag="245">
      <subfield code="a">Clasificación de historias clínicas reales según CIE-10-ES para localización de neoplasias mediante modelos transformers.</subfield>
   </datafield>
</record>
</metadata></record></GetRecord></OAI-PMH>